000 00214nam a22000857a 4500
008 160630b xxu||||| |||| 00| 0 eng d
100 _91625
_a Gupta, P
245 _aAladdin and the Magic Lamp
260 _aN.D
_bM/S Arya
999 _c1349
_d1349